00646nam a2200169Ia 450000500170000000800410001702000300005808200200008810000200010824500500012825000120017826000410019065000250023194200070025699900150026395201980027820260414100728.0251127s9999 xx 000 0 und d a0071496726 (hardcover) |  a658.575 bBAR-P aBarkley, Bruce. 0aProject Management in New Product Development a1st ed. aNew DelhibMcGraw-Hill Professional, aManagement Sciences  cBK c8169d8169 001040708Management Science aAUSCbAUSCcManagement Scienced2015-05-06eAllied Book Companyi8617o658.575 BAR-PpP7905yBKzProgram Relevancy: BBA;MBA Course Relevancy: Project Management